00391nam a22001457a 4500003000500000005001700005008004100022040000600063082001500069100003400084245004800118260003900166300000900205650003100214CEME20210628202323.0210302b xxu||||| |||| 00| 0 eng d c. a297.63 ABD aAbdur Rehman Keylani. Moulana aSyedna muhammad sabro sbaat kay paker azeem aLAHOREbISLAMIC PUBLICATIONSc2000 a212P aSYEDNA MUHAMMAD SABRO SBAT